The dog companion

Bibliographic Details
Main Author: Shojai, Amy
Format: Book
Published: New York : FriedmanGroup , 1992

MARC

LEADER 00000cam a2200000 7i4500
001 0000077031
005 20171214.0
008 171214
020 |a 0792457668 
090 0 0 |a 636.7   |b SHO 
100 0 |a Shojai, Amy 
245 1 0 |a The dog companion   |c Amy Shojai 
260 |a New York :   |b FriedmanGroup ,   |c 1992 
300 |a 128pg 
500 |a Included index, 
999 |a 0000755336   |b Book   |c Adult Collection   |e Cawangan Muar